Zvýšenie úrodnosti ovocných stromov pomocou pestovateľských zásahov

Bibliographic Details
Main Author: H. B. (Author)
Format: Article
Language:Slovak

MARC

LEADER 00000nab a2200000uu 4500
001 vtls010911664
003 SK-MaSNL
005 20260303142734.0
008 230222|1947 xo |||||||||||||||||slo|
015 |a SNBRB 
035 |a (urnnbn)urn:nbn:sk:snk:ar-a0866k 
035 |a (uuid)33d8875a-5da1-43ef-bbe7-9c7d31b679c4 
035 |a urn:nbn:sk:snk-ab90tg 
040 |a SNKBUCL  |b slo  |c SNKBUCL  |e AACR2 
041 0 |a slo 
044 |a xo  |c SK 
100 1 |a H. B.  |4 aut  |9 755507 
245 1 0 |a Zvýšenie úrodnosti ovocných stromov pomocou pestovateľských zásahov  |c H. B. 
773 0 |t Slovenské ovocinárstvo : odborný časopis pre povznesenie ovocinárstva, vinohradníctva a záhradníctva : orgán Slovenskej ovocinárskej spoločnosti a jej odbočiek  |g Roč. 24, č. 540-541 (1947), s. 40-42 
954 |a odborná, vedecká literatúra pôvodná (slovenská)  |2 lita 
958 |a OND 
958 |a EUIPO 
958 |a article10 
999 |c 1985821  |d 1987751